00421nam a2200157Ia 4500003000400000008004100004040001600045082002000061100002200081245006800103260003200171300001200203650001200215650001600227650002000243GCL140319s9999 xx 000 0 eng d aGCL / cGCL04aCCb508.62bA H1 aALPIN, PROSPER I.10aHISTOIRE NATURELLE DE L'EGYPTE 1581 -1584 / cALPIN, PROSPER I. a[S.N] : bI.F.A.O ، c1979 a583 P P04aHISTORY04aCOLLECTIONS04aEGYPT - HISTORY